000 00569nam a2200217Ia 4500
005 20250508164402.0
008 008 250505s9999 xx 000 0 hin d
020 _a978-81-267-1388-2
037 _aTextual
040 _aFEDL
_beng
_cFEDL
041 _ahin
_2eng
084 _a891.433, SHU
_qFEDL
100 _aShukla Shrilal
245 0 _aRag darbari
250 _a12
260 _aNew Delhi, India
_bRaj Kamal Prakashan Pvt Ltd
_c2007
300 _a334p
365 _aINR
_b450
942 _cTEXL
_h891.433, SHU
999 _c1388873
_d1388873